000 00221 a2200097 4500
001 2735
100 _aAbbott, P
245 _aNational certificate mathematics
260 _a
_bEnglish Universities
_c
090 _c2031
_d2031
942 _aNUST-CAE
_cM
_c11459
999 _c237808
_d237808